Álgebra lineal /
Guardado en:
| Autor Principal: | |
|---|---|
| Otros Autores: | , |
| Formato: | Libro |
| Idioma: | Spanish |
| Publicado: |
México :
Prentice-Hall Hispanoamericana,
c1973.
|
| Materias: | |
| Etiquetas: |
Agregar Etiqueta
Sin Etiquetas, Sea el primero en etiquetar este registro!
|
| LEADER | 00797nam a22002055a 4500 | ||
|---|---|---|---|
| 001 | EIQ.libpla000027 | ||
| 008 | 050905s1973####mx#######b####001#0#spa#d | ||
| 005 | 20060505171336.0 | ||
| 245 | 1 | 0 | |a Álgebra lineal / |c Kenneth Hoffman, Ray Kunze ; traducción y adaptación Hugo E. Finsterbusch. |
| 260 | |a México : |b Prentice-Hall Hispanoamericana, |c c1973. | ||
| 300 | |a 400 p. ; |c 23 cm. | ||
| 500 | |a Traducido de la segunda edición en inglés de Statistics for management. | ||
| 504 | |a Incluye referencias bibliográficas e índice. | ||
| 100 | 1 | |a Hoffman, Kenneth. | |
| 700 | 1 | |a Kunze, Ray Alden, |d 1928. | |
| 700 | 1 | |a Finsterbusch, Hugo E., |e tr. | |
| 650 | 4 | |a Matemática |x Matrices. | |
| 650 | 4 | |a Mathematics |x Matrices. | |
| 040 | |a AR-BbSID |b spa |d AR-BbSID | ||
| 859 | |a AR-BbSID |b BIB. PLAPIQUI |h 001.4 |i H 1 |p 4258 | ||
